Věda a výzkum pro práce na železniční dopravní cestě : sborník přednášek vydaný u příležitosti semináře konaného ve dnech 9. a 10. března 2016 v Děčíně
| Korporativní autor: | Vyšší odborná škola a Střední průmyslová škola strojní, stavební, a dopravní (Děčín, Česko) |
|---|---|
| Další autoři: | Věda a výzkum pro práce na železniční dopravní cestě (seminář) |
| Jazyk: | Němčina Slovenština Čeština Angličtina |
| Vydáno: |
Děčín : VOŠ a SPŠ Děčín, 2016 |
| Témata: | |
| Fyzický popis: |
202 stran, 4 nečíslované strany obrazových příloh : ilustrace (některé barevné), mapy ; 30 cm |
| Language note: |
Částečně anglický, německý a slovenský text, anglické, česká a slovenské resumé |
|
| LEADER | 02228nam a2200457 i 4500 | ||
|---|---|---|---|
| 001 | nkc20162780996 | ||
| 003 | CZ PrNK | ||
| 005 | 20160905103227.0 | ||
| 007 | ta | ||
| 008 | 160623s2016 xr abf f 100 0 cze | ||
| 015 | |a cnb002780996 | ||
| 020 | |a 978-80-905733-3-8 |q (kroužková vazba) : |c neprodejné | ||
| 035 | |a (OCoLC)956488231 | ||
| 040 | |a ABA001 |b cze |e rda | ||
| 041 | 0 | |a cze |a eng |a ger |a slo |b cze |b eng |b slo | |
| 072 | 7 | |a 625 |x Pozemní komunikace. Železniční stavitelství |2 Konspekt |9 19 | |
| 080 | |a 625.1 |2 MRF | ||
| 080 | |a (062.534) |2 MRF | ||
| 111 | 2 | |a Věda a výzkum pro práce na železniční dopravní cestě (seminář) |d (2016 : |c Děčín, Česko) |7 xx0204367 |4 aut | |
| 245 | 1 | 0 | |a Věda a výzkum pro práce na železniční dopravní cestě : |b sborník přednášek vydaný u příležitosti semináře konaného ve dnech 9. a 10. března 2016 v Děčíně |
| 264 | 1 | |a Děčín : |b VOŠ a SPŠ Děčín, |c 2016 | |
| 300 | |a 202 stran, 4 nečíslované strany obrazových příloh : |b ilustrace (některé barevné), mapy ; |c 30 cm | ||
| 336 | |a text |b txt |2 rdacontent | ||
| 337 | |a bez média |b n |2 rdamedia | ||
| 338 | |a svazek |b nc |2 rdacarrier | ||
| 500 | |a Nad názvem: Vyšší odborná škola a Střední průmyslová škola strojní, stavební a dopravní, Děčín, příspěvková organizace | ||
| 500 | |a 300 výtisků | ||
| 504 | |a Obsahuje bibliografie | ||
| 546 | |a Částečně anglický, německý a slovenský text, anglické, česká a slovenské resumé | ||
| 650 | 0 | 7 | |a železniční stavby |7 ph117859 |2 czenas |
| 650 | 0 | 7 | |a železniční tratě |7 ph127925 |2 czenas |
| 650 | 0 | 9 | |a railroad constructions |2 eczenas |
| 650 | 0 | 9 | |a railroad lines |2 eczenas |
| 655 | 7 | |a sborníky konferencí |7 fd133333 |2 czenas | |
| 655 | 9 | |a proceedings of conferences |2 eczenas | |
| 710 | 2 | |a Vyšší odborná škola a Střední průmyslová škola strojní, stavební, a dopravní (Děčín, Česko) |7 kn20130328009 |4 orm |4 isb | |
| 910 | 2 | |a BOA001 |b 4-1372.714 | |
| 928 | 9 | |a Vyšší odborná škola a Střední průmyslová škola strojní, stavební a dopravní | |
| 990 | |a BK | ||
| 995 | |a 01 | ||
| 996 | 6 | |b 2610680499 |c 4-1372.714 |l MZK |r Sklad / do 1 hodiny |n 0 |p p.v. |w 001576791 |u 000010 |a 1 |e BOA001 |j MZK50 |s P | |
English
Čeština 